Prílev priamych zahraničných investícií a transfer technológií na Slovensko

Vplyv prílevu priamych zahraničných investícií na transfer technológií na Slovensku. Prehľad o stave skúmanej problematiky v zahraničí a na Slovensku. Analýza možností spillover efektov v slovenskom automobilovom priemysle.

Na minha lista:
Detalhes bibliográficos
Autor principal: Dudáš, Tomáš, 1976-
Formato: Capítulo de Livro
Idioma:eslovaco
Assuntos:
Tags: Adicionar Tag
Sem tags, seja o primeiro a adicionar uma tag!

MARC

LEADER 00000nla$a2200000$$$4500
001 0145280
005 20240502072619.3
041 0 |a slo 
044 |a SK 
245 1 0 |a Prílev priamych zahraničných investícií a transfer technológií na Slovensko  |c Tomáš Dudáš 
520 |a Vplyv prílevu priamych zahraničných investícií na transfer technológií na Slovensku. Prehľad o stave skúmanej problematiky v zahraničí a na Slovensku. Analýza možností spillover efektov v slovenskom automobilovom priemysle. 
610 2 0 |a investície priame zahraničné 
610 2 0 |a transfer technológie 
610 2 0 |a Slovensko 
610 2 0 |a priemysel automobilový 
100 1 |a Dudáš, Tomáš, 1976-